00481nam a22001697a 450000500170000000800410001702000180005804000210007604100080009708200130010510000340011824500650015225000120021726000380022930000140026765000300028120220624134735.0220624b ||||| |||| 00| 0 eng d a9789385756580 aIN-DiNCcIN-DiNC deng a320bDUT aDutta, Kuldip Narayaneauthor aGovernance:bissues and challenges/cby Kuldip Narayan Dutta a1st ed. aMeerut:bBalaji publishers,c2021 avi, 288p. aGovernment and governance